عرض عادي
عرض مارك
- Petroleum, Synthetic.
مدخل مصطلح موضوعي
001 - رقم الضبط
- حقل الضبط: 11917
003 - معرف رقم الضبط
- حقل الضبط: OSt
005 - تاريخ ووقت أخر عملية
- حقل الضبط: 20120423214410.0
008 - عناصر بيانات ثابتة الطول
- حقل تحكم ثابت الطول: 120423|||a|||||| | ||| d
040 ## - مصدر الفهرسة
- هيئة الفهرسة الأصلية: OSt
- وكالة الكتابة: OSt
150 ## - مدخل-- مصطلح تاريخي
- عنصر مدخل المصطلح الموضوعي او الاسم الجغرافي: Petroleum, Synthetic.
670 ## - بيانات المصدر موجوده
- الاستشهاد بالمصدر: Work cat.: (OSt)23800: Klerk, Arno de. 11914, Catalysis in the refining of Fischer-Tropsch syncrude /, c2010.
